[Event "Chorzow 2011"]
[Site "Chorzow"]
[Date "2011.03.28"]
[Round "3.1"]
[White "Koziak, Vitali"]
[Black "Mulet, Piotr"]
[Result "1-0"]
[WhiteElo "2471"]
[BlackElo "2334"]
[PlyCount "111"]
[EventDate "2011.??.??"]

1. d4 Nf6 2. Nf3 g6 3. c4 Bg7 4. Nc3 d5 5. Bf4 c6 6. e3 O-O 7. Be2 Qb6 8. Qd2
Ne4 9. Nxe4 dxe4 10. c5 Qd8 11. Ng5 Bf5 12. g4 Bc8 13. Nxe4 Nd7 14. O-O Nf6 15.
Nxf6+ Bxf6 16. Rad1 Be6 17. b3 Qd7 18. f3 Rfd8 19. Qc3 h5 20. gxh5 gxh5 21. Kf2
Kh8 22. Rg1 Rg8 23. Be5 Bd5 24. e4 Qh3 25. exd5 Bxe5 26. Rxg8+ Rxg8 27. dxe5
Qxh2+ 28. Ke1 Qh4+ 29. Kd2 cxd5 30. Qe3 Rg6 31. Kc3 e6 32. Bd3 Rg5 33. Rh1 d4+
34. Kc4 dxe3+ 35. Rxh4 Rxe5 36. Rh2 Kg7 37. f4 Rd5 38. Re2 b5+ 39. cxb6 axb6
40. Rxe3 Kf6 41. a4 h4 42. Rh3 Rh5 43. Be2 Rh8 44. Bg4 Ke7 45. Kb5 f5 46. Bf3
Rd8 47. Kxb6 Rd4 48. Rxh4 Rb4+ 49. Kc7 Rxb3 50. Bc6 Ra3 51. Kb6 Kd6 52. a5 Rxa5
53. Kxa5 Kxc6 54. Kb4 Kd5 55. Kc3 Ke4 56. Kd2 1-0

[Event "Chorzow 2011"]
[Site "Chorzow"]
[Date "2011.03.28"]
[Round "3.2"]
[White "Polok, Kacper"]
[Black "Kalinin, Oleg"]
[Result "0-1"]
[WhiteElo "2046"]
[BlackElo "2375"]
[PlyCount "120"]
[EventDate "2011.??.??"]

1. e4 c5 2. Nc3 e6 3. Nge2 Nc6 4. d4 cxd4 5. Nxd4 d6 6. Be3 Nf6 7. Be2 a6 8.
O-O Be7 9. Kh1 Bd7 10. a4 Qc7 11. f4 Nxd4 12. Bxd4 e5 13. Be3 exf4 14. Rxf4 Be6
15. Bd3 Nd7 16. Bd4 O-O 17. Nd5 Bxd5 18. exd5 g6 19. Qe2 Bg5 20. Re4 Bf6 21.
Bxf6 Nxf6 22. Rc4 Qb6 23. Qf3 Nd7 24. Qf4 Qxb2 25. Rf1 Qe5 26. Rc7 Qxf4 27.
Rxf4 Nc5 28. h4 f5 29. g4 fxg4 30. Rxg4 Rf7 31. Rxf7 Kxf7 32. Rf4+ Ke7 33. Kg2
Rc8 34. Rb4 Kf6 35. Rf4+ Ke5 36. Rf7 Rh8 37. Kf3 Kxd5 38. Kf4 Ke6 39. Rc7 Kf6
40. Bc4 Ne6+ 41. Bxe6 Kxe6 42. Rxb7 Rf8+ 43. Ke3 Rf7 44. Rb6 a5 45. Ra6 Rf5 46.
c4 Rh5 47. Kd3 Kd7 48. Ra7+ Kc6 49. Ra6+ Kc7 50. Kc3 h6 51. Kd3 Rxh4 52. Rxa5
Kb6 53. Ra8 Rh5 54. Kd4 Rg5 55. Rb8+ Kc7 56. Rg8 h5 57. a5 h4 58. a6 Kb6 59.
Ra8 h3 60. a7 Rh5 0-1

[Event "Chorzow 2011"]
[Site "Chorzow"]
[Date "2011.03.28"]
[Round "3.3"]
[White "Piesik, Piotr"]
[Black "Sroka, Janusz"]
[Result "1-0"]
[WhiteElo "2216"]
[BlackElo "2091"]
[PlyCount "73"]
[EventDate "2011.??.??"]

1. Nf3 Nf6 2. d4 g6 3. g3 Bg7 4. Bg2 O-O 5. O-O d6 6. Nbd2 Bg4 7. e4 e5 8. dxe5
dxe5 9. Qe2 c6 10. a4 a5 11. b3 Qc7 12. Nc4 Re8 13. Bb2 Nbd7 14. Rfd1 Nc5 15.
h3 Bxf3 16. Bxf3 Nfd7 17. Bg4 h5 18. Bxd7 Nxd7 19. Qd2 Nf6 20. Qe2 Nd7 21. Qd2
Nf6 22. Qe3 Re6 23. Qb6 Qxb6 24. Nxb6 Ra6 25. Rd8+ Kh7 26. Nd7 Re7 27. Nxf6+
Bxf6 28. Rad1 c5 29. Rc8 h4 30. g4 Rae6 31. Rxc5 b6 32. Rb5 Rc6 33. c4 Kg7 34.
Rdd5 Rce6 35. Bc1 g5 36. Be3 Rb7 37. c5 1-0

[Event "Chorzow 2011"]
[Site "Chorzow"]
[Date "2011.03.27"]
[Round "3.4"]
[White "Juroszek, Tadeusz"]
[Black "Kaczmarek, Aleksander"]
[Result "1/2-1/2"]
[WhiteElo "2355"]
[BlackElo "2036"]
[PlyCount "33"]
[EventDate "2011.??.??"]

1. e4 c6 2. d4 d5 3. exd5 cxd5 4. Bd3 Nc6 5. c3 Qc7 6. h3 Nf6 7. Nf3 e6 8. O-O
Bd6 9. Re1 h6 10. b4 Bd7 11. a4 O-O 12. Ra2 e5 13. b5 e4 14. bxc6 bxc6 15. Ne5
exd3 16. Qxd3 Ne4 17. Nxd7 1/2-1/2

[Event "Chorzow 2011"]
[Site "Chorzow"]
[Date "2011.03.28"]
[Round "3.5"]
[White "Michalski, Edmund"]
[Black "Osipow, Nikolaj"]
[Result "0-1"]
[WhiteElo "1910"]
[BlackElo "2179"]
[PlyCount "66"]
[EventDate "2011.??.??"]

1. d4 Nf6 2. Nf3 e6 3. e3 b6 4. Bd3 Bb7 5. Nbd2 c5 6. O-O Nc6 7. c3 Rc8 8. e4
cxd4 9. Nxd4 Ne5 10. Bc2 Be7 11. Qe2 Ng6 12. N2f3 O-O 13. h3 d6 14. Rd1 Qc7 15.
Ng5 d5 16. exd5 Bxd5 17. Bd2 Bc5 18. Be3 Nf4 19. Bxf4 Qxf4 20. Ngf3 g6 21. b3
Bxd4 22. Rxd4 Bxf3 23. Rxf4 Bxe2 24. Rxf6 Rxc3 25. Bd1 Bb5 26. Rf3 Rfc8 27.
Rxc3 Rxc3 28. f3 Kg7 29. Kf2 Kf6 30. g3 Ke5 31. a4 Bc6 32. Ra2 Bd5 33. Rb2 Rd3
0-1

[Event "Chorzow 2011"]
[Site "Chorzow"]
[Date "2011.03.28"]
[Round "3.6"]
[White "Przybylka, Damian"]
[Black "Kastelik, Adrian"]
[Result "0-1"]
[WhiteElo "2061"]
[BlackElo "1996"]
[PlyCount "50"]
[EventDate "2011.??.??"]

1. e4 e5 2. Nc3 Nf6 3. Bc4 Nxe4 4. Qh5 Nd6 5. Bb3 Be7 6. Nf3 Nc6 7. Nxe5 g6 8.
Nxc6 dxc6 9. Qf3 O-O 10. O-O Nf5 11. Ne2 Nh4 12. Qg3 Nf5 13. Qf3 Nh4 14. Qg3
Bd6 15. f4 Re8 16. Qf2 Qe7 17. Ng3 Nf5 18. c3 Nxg3 19. Qxg3 Bf5 20. Rf3 Qe1+
21. Qxe1 Rxe1+ 22. Rf1 Rxf1+ 23. Kxf1 Bd3+ 24. Kf2 Bxf4 25. g3 Bh6 0-1

[Event "Chorzow 2011"]
[Site "Chorzow"]
[Date "2011.03.28"]
[Round "3.7"]
[White "Blasiak, Miroslaw"]
[Black "Bojdol, Robert"]
[Result "1-0"]
[WhiteElo "1952"]
[BlackElo "2053"]
[PlyCount "65"]
[EventDate "2011.??.??"]

1. e4 c5 2. Nf3 d6 3. d4 cxd4 4. Nxd4 Nf6 5. Nc3 a6 6. Bg5 e6 7. f4 Qb6 8. Nb3
Nbd7 9. Qf3 Qc7 10. O-O-O b5 11. Bd3 b4 12. Nd5 Nxd5 13. exd5 e5 14. Rhe1 f6
15. Qh5+ Kd8 16. Nd4 Nb8 17. fxe5 dxe5 18. Bh4 Bd6 19. Ne6+ Bxe6 20. dxe6 Nc6
21. Be4 b3 22. axb3 Kc8 23. Qf3 Nb4 24. Rxd6 Qxd6 25. Bxa8 Qc7 26. Be4 Qa5 27.
c3 Qa1+ 28. Bb1 Kb8 29. Re4 Na2+ 30. Kc2 Rd8 31. Bxa2 Rd2+ 32. Kxd2 Qxb2+ 33.
Kd3 1-0

[Event "Chorzow 2011"]
[Site "Chorzow"]
[Date "2011.03.28"]
[Round "3.8"]
[White "Jelonek, Michal"]
[Black "Galyga, Jozef"]
[Result "1-0"]
[WhiteElo "2039"]
[BlackElo "1946"]
[PlyCount "51"]
[EventDate "2011.??.??"]

1. Nf3 d5 2. d4 Nf6 3. Bf4 e6 4. e3 c5 5. c3 Be7 6. Nbd2 O-O 7. Bd3 b6 8. O-O
Bb7 9. Ne5 Nbd7 10. Qf3 Nxe5 11. dxe5 Nd7 12. Qh3 g6 13. Nf3 Re8 14. Rad1 Qc7
15. Qg3 Rad8 16. h4 Nf8 17. Bb1 Rd7 18. h5 Qd8 19. Bh6 d4 20. Ng5 d3 21. Qf4 f5
22. exf6 Bxf6 23. Bxd3 Bh8 24. Bb5 Qe7 25. Bxf8 Rxf8 26. Rxd7 1-0

[Event "Chorzow 2011"]
[Site "Chorzow"]
[Date "2011.03.28"]
[Round "3.9"]
[White "Zowada, Kazimierz"]
[Black "Czornik, Janusz"]
[Result "1/2-1/2"]
[WhiteElo "2146"]
[BlackElo "1837"]
[PlyCount "146"]
[EventDate "2011.??.??"]

1. d4 Nf6 2. Nf3 g6 3. c4 Bg7 4. Nc3 d5 5. cxd5 Nxd5 6. e4 Nxc3 7. bxc3 c5 8.
Bc4 O-O 9. Rb1 Nc6 10. Be3 Bg4 11. Bd5 e6 12. Bxc6 bxc6 13. O-O Qa5 14. Qc2
Bxf3 15. gxf3 f5 16. f4 Rab8 17. Rb3 c4 18. Rb4 fxe4 19. Qxe4 Qd5 20. f3 Qxe4
21. fxe4 Rxb4 22. cxb4 Rd8 23. e5 Bf8 24. a3 a5 25. Rc1 axb4 26. axb4 Bxb4 27.
Rxc4 Be7 28. Rxc6 Kf7 29. Kf2 Rd7 30. Kf3 h6 31. Ke4 h5 32. Rb6 Rd5 33. Rb7 Ke8
34. Bd2 Bc5 35. Bc3 Be7 36. Be1 Kf8 37. Ra7 Ke8 38. Ba5 Kf8 39. Ra6 Kf7 40. Bc7
Rb5 41. Ra7 Kf8 42. Ra5 Rb1 43. Bd6 Bxd6 44. exd6 Re1+ 45. Kd3 Ke8 46. Ra7 Rd1+
47. Kc4 Rc1+ 48. Kd3 Rd1+ 49. Ke3 Re1+ 50. Kf3 Rf1+ 51. Kg3 Rg1+ 52. Kf2 Rg4
53. Re7+ Kd8 54. Kf3 g5 55. fxg5 Rxg5 56. Ke4 Rg2 57. h3 Rg3 58. Rxe6 Rxh3 59.
Rh6 Rh1 60. Kd5 Kd7 61. Rh7+ Kd8 62. Ke6 Re1+ 63. Kf5 Rf1+ 64. Ke6 Re1+ 65. Kd5
Ra1 66. d7 Ra5+ 67. Ke6 Ra6+ 68. Ke5 Rg6 69. d5 Rg8 70. Kd6 h4 71. Kc6 h3 72.
Rxh3 Rg6+ 73. Kc5 Kxd7 1/2-1/2

[Event "Chorzow 2011"]
[Site "Chorzow"]
[Date "2011.03.28"]
[Round "3.10"]
[White "Faron, Rafal"]
[Black "Wiecek, Pawel"]
[Result "0-1"]
[WhiteElo "1798"]
[BlackElo "2043"]
[PlyCount "58"]
[EventDate "2011.??.??"]

1. d4 Nf6 2. c4 c5 3. d5 e6 4. Nc3 exd5 5. cxd5 d6 6. g3 g6 7. Bg2 Bg7 8. Nf3
O-O 9. O-O a6 10. a4 Nbd7 11. Nd2 Re8 12. e4 Rb8 13. a5 Ne5 14. Qc2 b5 15. axb6
Rxb6 16. f4 Neg4 17. Nc4 Rb4 18. Na2 Rb8 19. h3 Nh6 20. g4 Bxg4 21. hxg4 Nfxg4
22. Rf3 Qh4 23. Be3 Nxe3 24. Rxe3 Bd4 25. Qf2 Qxf2+ 26. Kxf2 Ng4+ 27. Kf3 Nxe3
28. Nxe3 Rxb2 29. Bh3 Bxe3 0-1

[Event "Chorzow 2011"]
[Site "Chorzow"]
[Date "2011.03.28"]
[Round "3.11"]
[White "Kazek, Krzysztof"]
[Black "Rychlik, Bogdan"]
[Result "1/2-1/2"]
[WhiteElo "2000"]
[BlackElo "1823"]
[PlyCount "108"]
[EventDate "2011.??.??"]

1. Nf3 c5 2. c4 Nc6 3. d4 cxd4 4. Nxd4 Nf6 5. g3 e5 6. Nb5 d6 7. Bg5 a6 8. Bxf6
gxf6 9. N5c3 Be6 10. Nd5 Bg7 11. Bg2 O-O 12. O-O f5 13. Nbc3 e4 14. Rc1 Rc8 15.
b3 Kh8 16. Kh1 Ne5 17. f3 exf3 18. exf3 Rg8 19. Qd2 Nc6 20. Rfd1 Ne5 21. Nf4
Qg5 22. Qf2 Nc6 23. Nfe2 Rcd8 24. Nf4 h5 25. Ncd5 Ne5 26. Rd2 Bf8 27. Rcd1 Bc8
28. a4 Bd7 29. Nd3 Bc6 30. f4 Nxd3 31. fxg5 Nxf2+ 32. Rxf2 Rxg5 33. Rdf1 Bd7
34. Ne3 b5 35. axb5 axb5 36. Nxf5 bxc4 37. bxc4 Be6 38. Bd5 Bg7 39. Nxg7 Kxg7
40. Bxe6 fxe6 41. Rf7+ Kg8 42. Re7 e5 43. Rd1 h4 44. gxh4 Rg4 45. c5 Rd4 46.
Rxd4 exd4 47. c6 d3 48. Rd7 Rc8 49. Rxd6 d2 50. Kg2 Rxc6 51. Rxd2 Kg7 52. Rd5
Rc3 53. Rg5+ Kh6 54. Ra5 Rd3 1/2-1/2

[Event "Chorzow 2011"]
[Site "Chorzow"]
[Date "2011.03.28"]
[Round "3.12"]
[White "Wozniak, Dawid"]
[Black "Klementys, Jerzy"]
[Result "1-0"]
[WhiteElo "1917"]
[BlackElo "1781"]
[PlyCount "55"]
[EventDate "2011.??.??"]

1. d4 Nf6 2. c4 g6 3. Nc3 Bg7 4. e4 d6 5. f4 O-O 6. Nf3 c5 7. d5 e6 8. Be2 exd5
9. exd5 Re8 10. O-O Ng4 11. h3 Ne3 12. Bxe3 Rxe3 13. Qd2 Re8 14. Rae1 Nd7 15.
Bd3 f5 16. Rxe8+ Qxe8 17. Nb5 Qf8 18. Nc7 Rb8 19. Ne6 Qf6 20. Qa5 Qxb2 21. Qd8+
Nf8 22. Nxg7 Qxg7 23. Qxd6 Nd7 24. Re1 Qf8 25. Re7 Nb6 26. Ne5 Kh8 27. Nf7+ Kg8
28. Qf6 1-0

[Event "Chorzow 2011"]
[Site "Chorzow"]
[Date "2011.03.28"]
[Round "3.13"]
[White "Heimann, Adrian"]
[Black "Stepaniec, Lukasz"]
[Result "0-1"]
[WhiteElo "1806"]
[BlackElo "1916"]
[PlyCount "74"]
[EventDate "2011.??.??"]

1. d4 c6 2. c4 d5 3. Nc3 Nf6 4. Nf3 Bf5 5. e3 e6 6. Be2 Be7 7. Ne5 Nbd7 8. g4
Bg6 9. Nxg6 hxg6 10. cxd5 exd5 11. a3 Qc7 12. f4 O-O-O 13. b4 Ne4 14. Nxe4 dxe4
15. Bb2 Bh4+ 16. Kd2 Nb6 17. Qc2 a6 18. Qxe4 Rhe8 19. Qf3 Nd5 20. g5 Kb8 21. e4
Qxf4+ 22. Qxf4+ Nxf4 23. Bf3 Bxg5 24. Kc3 Ne6 25. Rad1 Be3 26. d5 cxd5 27. exd5
Ng5 28. Bg2 Bf4 29. Rhe1 Bxh2 30. Rxe8 Rxe8 31. d6 Be5+ 32. Kb3 Bxb2 33. Kxb2
Re2+ 34. Kb3 Rxg2 35. d7 Ne6 36. d8=Q+ Nxd8 37. Rxd8+ Kc7 0-1

[Event "Chorzow 2011"]
[Site "Chorzow"]
[Date "2011.03.28"]
[Round "3.16"]
[White "Mucha, Piotr"]
[Black "Ociepka, Tomasz"]
[Result "1-0"]
[WhiteElo "1707"]
[BlackElo "1894"]
[PlyCount "61"]
[EventDate "2011.??.??"]

1. e4 c5 2. Nf3 d6 3. d4 cxd4 4. Nxd4 Nf6 5. Nc3 a6 6. Bg5 e6 7. f4 Be7 8. Qf3
Nbd7 9. O-O-O Qc7 10. g4 b5 11. Bxf6 gxf6 12. Re1 Bb7 13. f5 e5 14. Nb3 Rc8 15.
Bd3 Nb6 16. g5 Nc4 17. Bxc4 bxc4 18. Nd2 Qd8 19. Rhg1 Kd7 20. g6 hxg6 21. fxg6
fxg6 22. Rxg6 Rxh2 23. Rg7 Qh8 24. Qg4+ Kc6 25. Rxe7 Qh6 26. Qd7+ Kc5 27. Na4+
Kb4 28. Qxb7+ Kxa4 29. Qxa6+ Kb4 30. Rb7+ Kc5 31. Qb6# 1-0

[Event "Chorzow 2011"]
[Site "Chorzow"]
[Date "2011.03.28"]
[Round "3.17"]
[White "Rosicki, Marcin"]
[Black "Zielinski, Hubert"]
[Result "1/2-1/2"]
[WhiteElo "1560"]
[BlackElo "1885"]
[PlyCount "55"]
[EventDate "2011.??.??"]

1. e4 d6 2. d4 Nf6 3. Nc3 g6 4. f4 Bg7 5. Nf3 c5 6. e5 Nfd7 7. exd6 O-O 8. dxe7
Qxe7+ 9. Qe2 Qd8 10. Qf2 cxd4 11. Nxd4 Nc5 12. Be3 Re8 13. O-O-O Qa5 14. Bc4
Bg4 15. Rde1 Nbd7 16. Nb3 Nxb3+ 17. Bxb3 Nf6 18. h3 Be6 19. Bxe6 Rxe6 20. Bd4
Rae8 21. Rxe6 Rxe6 22. Re1 Nd5 23. Bxg7 Kxg7 24. Qd4+ Kg8 25. Re5 Nxc3 26. Qxc3
Qxa2 27. Qc8+ Kg7 28. Rxe6 1/2-1/2

[Event "Chorzow 2011"]
[Site "Chorzow"]
[Date "2011.03.28"]
[Round "3.18"]
[White "Czornik, Adam"]
[Black "Karpacz, Piotr"]
[Result "0-1"]
[WhiteElo "1764"]
[BlackElo "1747"]
[PlyCount "44"]
[EventDate "2011.??.??"]

1. e4 c5 2. Nf3 e6 3. d4 cxd4 4. Nxd4 a6 5. Nc3 b5 6. a3 Qc7 7. Be2 Bb7 8. Be3
Nf6 9. f3 Be7 10. O-O O-O 11. Qd2 d6 12. Rad1 Nbd7 13. Ndxb5 axb5 14. Nxb5 Qc6
15. Nxd6 Bxd6 16. Qxd6 Qxc2 17. Rd2 Qb3 18. Bg5 h6 19. Bh4 Rfd8 20. Rfd1 Nf8
21. Qf4 Rxd2 22. Rxd2 Ng6 0-1

[Event "Chorzow 2011"]
[Site "Chorzow"]
[Date "2011.03.28"]
[Round "3.19"]
[White "Gora, Tomasz"]
[Black "Karcz, Bartlomiej"]
[Result "0-1"]
[WhiteElo "1868"]
[BlackElo "1906"]
[PlyCount "114"]
[EventDate "2011.??.??"]

1. d4 Nf6 2. Nf3 d5 3. Bf4 e6 4. e3 Be7 5. Bd3 O-O 6. O-O b6 7. Nbd2 Bb7 8. Qe2
Ne4 9. c4 Nd7 10. cxd5 exd5 11. Rfc1 c5 12. dxc5 Ndxc5 13. Bb1 Ba6 14. Qd1 Bf6
15. Nxe4 dxe4 16. Nd4 Nd3 17. Bxd3 Bxd3 18. Qa4 Qd5 19. Rc7 b5 20. Qb4 a5 21.
Qc5 Rad8 22. Qb6 Bxd4 23. exd4 Qxd4 24. Qxa5 Qxb2 25. Qc3 Qxc3 26. Rxc3 Ra8 27.
a3 Rfc8 28. Rac1 Rc4 29. Bd6 Rac8 30. Bb4 f5 31. Rxc4 bxc4 32. Bc3 g5 33. a4
Kf7 34. a5 Ra8 35. Ra1 Ra6 36. Ra2 Ke7 37. Rb2 h6 38. Rb8 f4 39. Rb7+ Kd6 40.
Rf7 Kc5 41. Rf5+ Kc6 42. Rf6+ Kb5 43. Rf5+ Ka4 44. Rc5 Kb3 45. Be1 Kc2 46. Rb5
Kd1 47. Bc3 e3 48. f3 Re6 49. Rb6 Re8 50. a6 e2 51. h3 e1=Q+ 52. Bxe1 Rxe1+ 53.
Kh2 Re2 54. a7 Ra2 55. Rxh6 Rxa7 56. h4 gxh4 57. Rxh4 c3 0-1

[Event "Chorzow 2011"]
[Site "Chorzow"]
[Date "2011.03.28"]
[Round "3.20"]
[White "Santura, Janusz"]
[Black "Buchowski, Adam"]
[Result "1/2-1/2"]
[WhiteElo "1900"]
[BlackElo "1839"]
[PlyCount "90"]
[EventDate "2011.??.??"]

1. d4 Nf6 2. Nf3 e6 3. Bg5 d6 4. e4 h6 5. Bxf6 Qxf6 6. Bd3 e5 7. c3 Nc6 8. O-O
Bg4 9. Qb3 O-O-O 10. d5 Nb8 11. Nbd2 g5 12. Rfe1 h5 13. Be2 Bh6 14. Nf1 Rdg8
15. Ne3 Bxf3 16. Bxf3 g4 17. Bd1 Bxe3 18. Rxe3 h4 19. Be2 Rg7 20. Rf1 Qh6 21.
Qd1 Rhg8 22. Qc1 Nd7 23. c4 Nf6 24. c5 Nh5 25. cxd6 Qxd6 26. Rd1 Nf4 27. Kh1
Rd8 28. a3 Qh6 29. Rc3 Qd6 30. Bf1 Rdg8 31. Qe3 Kb8 32. Rdc1 f5 33. Bd3 fxe4
34. Bxe4 Nxd5 35. Bxd5 Qxd5 36. Rd3 Qe6 37. Rc5 h3 38. Rxe5 Qc6 39. Qe4 Qc1+
40. Qe1 Qc6 41. Qe4 Qc1+ 42. Qe1 hxg2+ 43. Kxg2 Qxe1 44. Rxe1 Rh7 45. Rde3 Rhh8
1/2-1/2

[Event "Chorzow 2011"]
[Site "Chorzow"]
[Date "2011.03.28"]
[Round "3.21"]
[White "Marek, Eugeniusz"]
[Black "Richter, Bronislaw"]
[Result "1-0"]
[WhiteElo "1886"]
[BlackElo "1802"]
[PlyCount "116"]
[EventDate "2011.??.??"]

1. d4 b5 2. Nf3 Bb7 3. g3 Nf6 4. Bg2 d6 5. O-O Nbd7 6. a4 b4 7. c4 c5 8. d5 g6
9. b3 Bg7 10. Bb2 O-O 11. Re1 Qc7 12. e4 Ng4 13. Bxg7 Kxg7 14. Ng5 Ngf6 15. f4
h6 16. Nf3 Rae8 17. e5 dxe5 18. fxe5 Ng8 19. Qd3 e6 20. d6 Qd8 21. Nbd2 f5 22.
h3 g5 23. Re2 f4 24. g4 Ba8 25. Kf2 Rf7 26. Rh1 Nf8 27. h4 Bxf3 28. Nxf3 Nh7
29. h5 Nf8 30. Qe4 Qa8 31. Qc2 Qd8 32. Nd2 Qd7 33. Bf3 a5 34. Rd1 Kh8 35. Ne4
Kg7 36. Kg2 Qa7 37. Nf2 Qd7 38. Qd2 Rd8 39. Qd3 Qc8 40. Qe4 Rfd7 41. Nd3 Ra7
42. Red2 Kh8 43. Qe2 Nd7 44. Qe4 Nf8 45. Be2 Nd7 46. Bf3 Nf8 47. Qe2 Nd7 48.
Be4 Nf8 49. Qf3 Nd7 50. Bc6 Nb8 51. Bb5 Rf7 52. Kf2 Nd7 53. Kf1 Nf8 54. Qf2 Qb7
55. Kg1 Rc8 56. Re1 Nd7 57. Kh2 f3 58. Qg3 Qa7 1-0

[Event "Chorzow 2011"]
[Site "Chorzow"]
[Date "2011.03.27"]
[Round "3.22"]
[White "Wiechowski, Bronislaw"]
[Black "Hendel, Kazimierz"]
[Result "1-0"]
[WhiteElo "1884"]
[BlackElo "1679"]
[PlyCount "55"]
[EventDate "2011.??.??"]

1. e4 c6 2. d4 d5 3. e5 Bf5 4. c4 e6 5. a3 dxc4 6. Bxc4 Nd7 7. Nc3 Qc7 8. Nge2
O-O-O 9. O-O Nxe5 10. Bf4 f6 11. Qa4 g5 12. Bg3 h5 13. h3 h4 14. Bh2 Nf3+ 15.
gxf3 Bd6 16. Bxd6 Qxd6 17. Qxa7 Bxh3 18. Ne4 Qb8 19. Qxb8+ Kxb8 20. Rfe1 Kc7
21. Nc5 Rd6 22. b4 b5 23. Bb3 Bf5 24. a4 Ne7 25. axb5 Rd5 26. Ra7+ Kd8 27. Bxd5
Nxd5 28. Ra8+ 1-0